| 000 | 00852nam a2200241 a 4500 | ||
|---|---|---|---|
| 001 | 23974 | ||
| 005 | 20220701011042.0 | ||
| 008 | 200726s2016 njua b 001 0 eng d | ||
| 020 |
_a9780691161648 _q(hardback) |
||
| 040 |
_aBD-DhIUB _cBD-DhIUB |
||
| 082 | 0 | 4 |
_a382.0151 _223 |
| 100 | 1 | _aFeenstra, Robert C. | |
| 245 | 1 | 0 |
_aAdvanced international trade : _btheory and evidence / _cRobert C. Feenstra. |
| 250 | _aSecond edition. | ||
| 264 | 1 |
_aPrinceton : _bPrinceton University Press, _c[2016] |
|
| 300 |
_axii, 477 pages : _billustrations ; _c26 cm |
||
| 336 |
_atext _btxt _2rdacontent |
||
| 337 |
_aunmediated _bn _2rdamedia |
||
| 338 |
_avolume _bnc _2rdacarrier |
||
| 504 | _aIncludes bibliographical references (pages 431-463) and index. | ||
| 650 | 0 |
_aInternational trade _xMathematical models. |
|
| 650 | 0 |
_aCommercial policy _xMathematical models. |
|
| 999 |
_c24265 _d24224 |
||